[Event "CAMPEONATO CONTINENTAL ABSOLUT"]
[Site "Hotel Torre de Cali, Cali, Co"]
[Date "2007.07.15"]
[Round "6.2"]
[White "Cordova, Emilio"]
[Black "Vescovi, Geovanni"]
[Result "1/2-1/2"]
[WhiteElo "2492"]
[BlackElo "2609"]
[PlyCount "59"]
[EventDate "2007.07.10"]

1. d4 Nf6 2. Nf3 e6 3. g3 c5 4. Bg2 cxd4 5. Nxd4 a6 6. O-O Qc7 7. b3 d5 8. c4
dxc4 9. Nd2 e5 10. N4f3 Be6 11. Bb2 c3 12. Rc1 Bb4 13. Nb1 Nc6 14. Nxc3 O-O 15.
Qc2 Qe7 16. Qb1 Rad8 17. e3 h6 18. Na4 Bd5 19. Nb6 Be4 20. Qa1 Rfe8 21. Nc4 Bd3
22. Ncxe5 Nxe5 23. Bxe5 Bxf1 24. Bxf1 Rc8 25. Rd1 Red8 26. Bd3 Bd6 27. Bc3 Bb4
28. Be5 Bd6 29. Bc3 Bb4 30. Be5 1/2-1/2

[Event "CAMPEONATO CONTINENTAL ABSOLUT"]
[Site "Hotel Torre de Cali, Cali, Co"]
[Date "2007.07.15"]
[Round "6.4"]
[White "Leon Hoyos, Manuel"]
[Black "Rodriguez Vila, Andrez"]
[Result "1-0"]
[WhiteElo "2484"]
[BlackElo "2547"]
[PlyCount "89"]
[EventDate "2007.07.10"]

1. e4 e6 2. d4 d5 3. Nd2 Nf6 4. e5 Nfd7 5. c3 c5 6. Bd3 Nc6 7. Ne2 cxd4 8. cxd4
f6 9. exf6 Nxf6 10. O-O Bd6 11. Nf3 Qc7 12. Bg5 O-O 13. Bh4 h6 14. Bg3 Bxg3 15.
Nxg3 g5 16. Rc1 Qg7 17. Bb5 Bd7 18. Bxc6 Bxc6 19. Ne5 Bb5 20. Re1 Rac8 21. Rxc8
Rxc8 22. Nh5 Nxh5 23. Qxh5 Kh7 24. Qh3 Qf6 25. Qb3 Ba6 26. Qa4 Rc7 27. b4 Qf8
28. b5 Bxb5 29. Qxb5 Kg7 30. Qb1 Qf5 31. g3 b6 32. Qxf5 exf5 33. Re3 Kf6 34.
Kg2 h5 35. h4 gxh4 36. gxh4 f4 37. Re2 Kf5 38. Nf3 Rc3 39. Re5+ Kg6 40. Rg5+
Kf6 41. Rxh5 Ra3 42. Rxd5 Rxa2 43. h5 Rc2 44. Rd7 a5 45. Rd6+ 1-0

[Event "CAMPEONATO CONTINENTAL ABSOLUT"]
[Site "Hotel Torre de Cali, Cali, Co"]
[Date "2007.07.15"]
[Round "6.5"]
[White "Renteria, Jorge"]
[Black "Kudrin, Sergey"]
[Result "0-1"]
[WhiteElo "2252"]
[BlackElo "2543"]
[PlyCount "68"]
[EventDate "2007.07.10"]

1. e4 c5 2. Nf3 d6 3. c3 Nf6 4. Bd3 Bg4 5. Bc2 Nc6 6. O-O e6 7. d3 Be7 8. Nbd2
d5 9. a4 Qc7 10. Qe2 d4 11. h3 Bh5 12. Nc4 Nd7 13. g4 Bg6 14. Ne1 e5 15. f4 f6
16. f5 Bf7 17. Na3 g5 18. Bd2 h5 19. Ng2 a6 20. c4 O-O-O 21. Kf2 hxg4 22. hxg4
Rh3 23. Rh1 Rdh8 24. Rxh3 Rxh3 25. Bd1 Nb4 26. Bxb4 cxb4 27. Nc2 b3 28. Nce1
Nc5 29. Ra3 Qb6 (29... Bxc4 $142 $19 30. dxc4 d3) 30. a5 Qb4 31. Nf3 Bd8 32.
Nge1 Bxa5 33. Kg2 Rh8 34. Bxb3 Nxb3 0-1

[Event "CAMPEONATO CONTINENTAL ABSOLUT"]
[Site "Hotel Torre de Cali, Cali, Co"]
[Date "2007.07.15"]
[Round "6.6"]
[White "Lima, Darcy"]
[Black "Ehlvest, Jaan"]
[Result "1-0"]
[WhiteElo "2463"]
[BlackElo "2629"]
[PlyCount "24"]
[EventDate "2007.07.10"]

1. d4 Nf6 2. c4 e6 3. g3 Bb4+ 4. Bd2 Be7 5. Bg2 d5 6. Nf3 O-O 7. O-O c6 8. Qb3
Nbd7 9. Nc3 Nb6 10. c5 Nc4 11. Bf4 b6 12. Na4 Nd7 {Ilegible} 1-0

[Event "CAMPEONATO CONTINENTAL ABSOLUT"]
[Site "Hotel Torre de Cali, Cali, Co"]
[Date "2007.07.15"]
[Round "6.7"]
[White "Spraggett, Kevin"]
[Black "Lafuente, Pablo"]
[Result "1/2-1/2"]
[WhiteElo "2585"]
[BlackElo "2454"]
[PlyCount "82"]
[EventDate "2007.07.10"]

1. e4 c6 2. d4 d5 3. Nc3 dxe4 4. Nxe4 Bf5 5. Nc5 b6 6. Nb3 e6 7. Nf3 Bd6 8. g3
Qc7 9. Bg2 Nf6 10. O-O O-O 11. Nbd2 Nbd7 12. Nc4 Be4 13. b3 c5 14. Nxd6 Qxd6
15. dxc5 Qxc5 16. c4 b5 17. cxb5 Qxb5 18. Bb2 Qb7 19. Re1 Bd5 20. Nh4 a5 21.
Bxd5 Qxd5 22. Qe2 Rfb8 23. Rad1 Qb5 24. Rd3 Nd5 25. Red1 a4 26. Qh5 axb3 27.
axb3 Ra7 28. Bxg7 Kxg7 29. Rxd5 exd5 30. Nf5+ Kh8 31. Qh6 Rg8 32. Nd6 Rg6 33.
Qxg6 hxg6 34. Nxb5 Nf6 35. f3 Ra2 36. Rd3 Rb2 37. g4 Nd7 38. Rxd5 Rxb3 39. Nd4
Rb1+ 40. Kf2 Nf6 41. Rd8+ Kg7 1/2-1/2

[Event "CAMPEONATO CONTINENTAL ABSOLUT"]
[Site "Hotel Torre de Cali, Cali, Co"]
[Date "2007.07.15"]
[Round "6.8"]
[White "Zapata, Alonso"]
[Black "Gulko, Boris"]
[Result "1-0"]
[WhiteElo "2504"]
[BlackElo "2576"]
[PlyCount "83"]
[EventDate "2007.07.10"]

1. e4 c5 2. Nf3 Nc6 3. d4 cxd4 4. Nxd4 Nf6 5. Nc3 d6 6. Bc4 Qb6 7. Nb3 e6 8.
O-O Be7 9. Kh1 Qc7 10. Bd3 a6 11. f4 b5 12. Qe2 Bb7 13. Bd2 O-O 14. Rae1 b4 15.
Nd1 Rfe8 16. c3 a5 17. Nd4 bxc3 18. Nb5 Qd7 19. Ndxc3 Nb4 20. Bb1 e5 21. fxe5
dxe5 22. Bg5 Ba6 23. Rd1 Qg4 24. Qe3 Nfd5 25. exd5 Bxg5 26. Qf2 Qd7 27. Bf5 Qd8
28. d6 Nxa2 29. Bd3 Nxc3 30. Qxf7+ Kh8 31. Nxc3 Bxd3 32. Rxd3 e4 33. Rdd1 e3
34. d7 Rf8 35. Qd5 Bf6 36. Rfe1 Qb6 37. Na4 Qb4 38. Nc5 h6 39. Rxe3 Qxb2 40.
Ne6 Rg8 41. Nc7 Rad8 42. Re8 1-0

[Event "CAMPEONATO CONTINENTAL ABSOLUT"]
[Site "Hotel Torre de Cali, Cali, Co"]
[Date "2007.07.15"]
[Round "6.9"]
[White "Hungaski, Robert Andrew"]
[Black "Felgaer, Ruben"]
[Result "1/2-1/2"]
[WhiteElo "2399"]
[BlackElo "2559"]
[PlyCount "74"]
[EventDate "2007.07.10"]

1. e4 c5 2. Nf3 d6 3. d4 cxd4 4. Nxd4 Nf6 5. f3 e5 6. Bb5+ Nbd7 7. Nf5 d5 8.
exd5 a6 9. Ba4 b5 10. Bb3 Nc5 11. Ne3 Nxb3 12. axb3 Bc5 13. Nc3 O-O 14. Qd3 Nh5
15. g3 f5 16. Bd2 f4 17. Nf1 Bh3 18. Ne4 Bb6 19. Bb4 Bg2 20. Bxf8 Qxf8 21. Nfd2
fxg3 22. hxg3 Bxh1 23. Qf1 Be3 24. Qxh1 Bxd2+ 25. Kxd2 Nxg3 26. Nxg3 Qf4+ 27.
Ke2 Qxg3 28. Qg1 Qf4 29. Qg4 Qh2+ 30. Kd3 Rf8 31. Re1 h5 32. Qe6+ Kh7 33. Rxe5
Rxf3+ 34. Re3 Rf2 35. Qe4+ Kh6 36. Re2 Rxe2 37. Qxe2 Qxe2+ 1/2-1/2

[Event "CAMPEONATO CONTINENTAL ABSOLUT"]
[Site "Hotel Torre de Cali, Cali, Co"]
[Date "2007.07.15"]
[Round "6.10"]
[White "Peralta, Fernando"]
[Black "Prasca, Raphael"]
[Result "1-0"]
[WhiteElo "2546"]
[BlackElo "2426"]
[PlyCount "149"]
[EventDate "2007.07.10"]

1. d4 d5 2. c4 c6 3. Nf3 Nf6 4. e3 e6 5. b3 Nbd7 6. Bb2 Ne4 7. Bd3 Bb4+ 8. Nbd2
f5 9. O-O O-O 10. Qc2 Rf6 11. Rfd1 Rh6 12. Nf1 Bd6 13. Ne5 Qc7 14. cxd5 exd5
15. f3 Nef6 16. Qc3 Nf8 17. b4 Ng6 18. Ng3 Ne7 19. b5 Nh5 20. Nxh5 Rxh5 21.
bxc6 bxc6 22. Ba3 Bd7 23. Bxd6 Qxd6 24. Qc5 Qe6 25. f4 Ng6 26. Rab1 Nxe5 27.
dxe5 Be8 28. Rb7 Qh6 29. Qd6 Qxd6 30. exd6 Rd8 31. Rxa7 Rh6 32. Bxf5 Rhxd6 33.
Kf2 c5 34. a4 g6 35. Bg4 c4 36. a5 Ba4 37. Rc1 Rb8 38. Bf3 Rb2+ 39. Kg3 Rb5 40.
h4 Rc5 41. Rb1 Bb3 42. Bd1 Rb5 43. Bxb3 cxb3 44. a6 Rb8 45. Kf3 b2 46. Ke2 d4
47. e4 Rc6 48. Kd2 Rcb6 49. Kd3 h5 50. Kxd4 Rc6 51. Rb7 Rd8+ 52. Ke5 Rxa6 53.
R1xb2 Re8+ 54. Kd5 Rd8+ 55. Ke5 Re8+ 56. Kd4 Ra4+ 57. R7b4 Ra1 58. Ke3 Kg7 59.
e5 Re1+ 60. Kf2 Rh1 61. Kg3 Rd8 62. Rb8 Rd3+ 63. Kf2 Kf7 64. R8b7+ Ke6 65.
R7b6+ Kf5 66. Rf6+ Kg4 67. Re2 Rdd1 68. e6 Rhf1+ 69. Ke3 Rd8 70. Rxg6+ Kxh4 71.
e7 Rd3+ 72. Kxd3 Rd1+ 73. Ke4 Rd4+ 74. Kf5 Rxf4+ 75. Ke6 1-0

[Event "CAMPEONATO CONTINENTAL ABSOLUT"]
[Site "Hotel Torre de Cali, Cali, Co"]
[Date "2007.07.15"]
[Round "6.11"]
[White "Garcia, Gildardo"]
[Black "Zambrana, Oswaldo"]
[Result "1/2-1/2"]
[WhiteElo "2435"]
[BlackElo "2511"]
[PlyCount "48"]
[EventDate "2007.07.10"]

1. e4 c5 2. Nf3 d6 3. d4 cxd4 4. Nxd4 Nf6 5. Nc3 a6 6. f4 e5 7. Nf3 Nbd7 8. a4
Be7 9. Bc4 O-O 10. Qe2 exf4 11. Bxf4 Qa5 12. O-O Ne5 13. Bb3 Be6 14. Kh1 Bxb3
15. cxb3 Ng6 16. Bd2 Rfe8 17. Nd4 Qe5 18. Qd3 Ng4 19. Nf3 Qh5 20. h3 Nf6 21.
Rae1 Rad8 22. Nd4 Ne5 23. Qg3 Qg6 24. Qh2 d5 1/2-1/2

[Event "CAMPEONATO CONTINENTAL ABSOLUT"]
[Site "Hotel Torre de Cali, Cali, Co"]
[Date "2007.07.15"]
[Round "6.12"]
[White "Gurevich, Dmitry"]
[Black "Uribe, Mauricio"]
[Result "1-0"]
[WhiteElo "2507"]
[BlackElo "2354"]
[PlyCount "51"]
[EventDate "2007.07.10"]

1. d4 e6 2. Nf3 Nf6 3. c4 Bb4+ 4. Nbd2 b6 5. a3 Bxd2+ 6. Qxd2 Bb7 7. e3 O-O 8.
Be2 d6 9. O-O Ne4 10. Qc2 a5 11. b3 Nd7 12. Bb2 f5 13. Rad1 d5 14. Ne1 c6 15.
Nd3 Qe7 16. f3 Nef6 17. a4 Rfc8 18. cxd5 exd5 19. Ne5 Qe6 20. Bd3 g6 21. g4
fxg4 22. Bxg6 Nxe5 23. dxe5 Ne4 24. Bxe4 dxe4 25. Rd6 Qf5 26. fxe4 1-0

[Event "CAMPEONATO CONTINENTAL ABSOLUT"]
[Site "Hotel Torre de Cali, Cali, Co"]
[Date "2007.07.15"]
[Round "6.13"]
[White "Capo Vidal, Uriel"]
[Black "Matsuura, Everaldo"]
[Result "0-1"]
[WhiteElo "2370"]
[BlackElo "2505"]
[PlyCount "84"]
[EventDate "2007.07.10"]

1. d4 d5 2. Nf3 Nf6 3. c4 dxc4 4. e3 e6 5. Bxc4 c5 6. O-O a6 7. a4 Nc6 8. Qe2
Qc7 9. Nc3 Bd6 10. Rd1 O-O 11. h3 b6 12. dxc5 bxc5 13. e4 Ne5 14. b3 Bb7 15.
Bb2 Nxf3+ 16. Qxf3 Bh2+ 17. Kh1 Be5 18. Rd2 Rfd8 19. Rad1 Rxd2 20. Rxd2 Bd4 21.
Qg3 $2 Qxg3 22. fxg3 Kf8 23. Bd3 Rd8 24. Bb1 Ke7 25. Re2 Bxc3 26. Bxc3 Rd1+ 27.
Re1 Rxe1+ 28. Bxe1 Bxe4 29. Bxe4 Nxe4 30. Kg1 Kd6 31. Kf1 c4 32. b4 c3 33. Ke2
c2 34. Bd2 Nxd2 35. Kxd2 Kd5 36. Kxc2 Kc4 37. b5 axb5 38. a5 Kc5 39. Kb3 e5 40.
g4 e4 41. Kc3 b4+ 42. Kb3 e3 0-1

[Event "CAMPEONATO CONTINENTAL ABSOLUT"]
[Site "Hotel Torre de Cali, Cali, Co"]
[Date "2007.07.15"]
[Round "6.14"]
[White "Fier, Alexander"]
[Black "Naranjo, Sebastian"]
[Result "1-0"]
[WhiteElo "2527"]
[BlackElo "2035"]
[PlyCount "57"]
[EventDate "2007.07.10"]

1. e4 c5 2. Nf3 d6 3. d4 cxd4 4. Nxd4 Nf6 5. Nc3 a6 6. Bg5 e6 7. f4 Qb6 8. Qd2
Qxb2 9. Rb1 Qa3 10. e5 h6 11. Bh4 dxe5 12. fxe5 Nfd7 13. Ne4 Qxa2 14. Rd1 Qd5
15. Qe3 Qxe5 16. Be2 Bc5 17. Bg3 Bxd4 18. Rxd4 Qa5+ 19. Rd2 O-O 20. Bd6 Rd8 21.
Qg3 Qf5 22. Be5 Qg6 23. Qh4 Nc6 24. Bh5 Qh7 $2 (24... Qf5 $142 $19) 25. Bxf7+
Kh8 26. O-O Rf8 27. Bd6 g5 28. Qh5 Rd8 29. Bg6 1-0

[Event "CAMPEONATO CONTINENTAL ABSOLUT"]
[Site "Hotel Torre de Cali, Cali, Co"]
[Date "2007.07.15"]
[Round "6.15"]
[White "Avalos Parra, Joao"]
[Black "Escobar Forero, Alder"]
[Result "0-1"]
[WhiteElo "2272"]
[BlackElo "2477"]
[PlyCount "94"]
[EventDate "2007.07.10"]

1. d4 Nf6 2. c4 g6 3. Nc3 Bg7 4. e4 d6 5. Nf3 O-O 6. Be2 e5 7. Be3 Ng4 8. Bg5
f6 9. Bh4 Qe8 10. O-O h5 11. h3 Nh6 12. c5 Nc6 13. Nb5 Qe7 14. cxd6 cxd6 15.
Qb3+ Nf7 16. d5 Nb8 17. Qa3 Na6 18. b4 Bh6 19. Rfd1 Bd7 20. Nd2 Rfc8 21. Qb3
Nc7 22. a4 Ng5 23. f3 f5 24. Bf2 b6 25. h4 Nh7 26. Qd3 Nf6 27. Nc3 f4 28. b5 g5
29. hxg5 Bxg5 30. a5 bxa5 31. Rxa5 h4 32. Bxa7 Nxb5 33. Nxb5 Bxb5 34. Qxb5 Rxa7
35. Rda1 Rac7 36. Ra8 h3 37. Qb6 Bh4 38. Bf1 h2+ 39. Kh1 Nh5 40. R1a7 Rxa8 41.
Rxa8+ Kh7 42. Re8 Qg7 43. Qxd6 Ng3+ 44. Kxh2 Nxf1+ 45. Nxf1 Rc2 46. Kh3 Qxg2+
47. Kxh4 Qh1+ 0-1

[Event "CAMPEONATO CONTINENTAL ABSOLUT"]
[Site "Hotel Torre de Cali, Cali, Co"]
[Date "2007.07.15"]
[Round "6.16"]
[White "Sequera, Jose"]
[Black "Beltran, Carlos"]
[Result "0-1"]
[WhiteElo "2432"]
[BlackElo "2272"]
[PlyCount "106"]
[EventDate "2007.07.10"]

1. e4 e6 2. Nf3 d5 3. e5 c5 4. b4 cxb4 5. a3 Nc6 6. axb4 Bxb4 7. c3 Bf8 8. d4
Nge7 9. Bd3 Nf5 10. g4 Nh4 11. Nxh4 Qxh4 12. O-O g5 13. f4 h5 14. fxg5 hxg4 15.
Ra2 Be7 16. Bf4 Bd7 17. Rg2 O-O-O 18. Qxg4 Qxg4 19. Rxg4 Rh3 20. Bg3 Rg8 21.
Kg2 Rhh8 22. h4 Be8 23. Rgf4 Rg7 24. Nd2 Bd8 25. Bb5 Rhh7 26. Nf3 a6 27. Bd3
Rh8 28. Rh1 Rh5 29. Nh2 Ne7 30. Ng4 Rh8 31. Nf6 Bb5 32. Bxb5 axb5 33. Rb1 Ng6
34. Rg4 Ne7 35. Rxb5 Nf5 36. Rf4 Ne3+ 37. Kf3 Nc4 38. Rc5+ Bc7 39. Nxd5 exd5
40. e6 fxe6 41. h5 Nd6 42. Kg4 b6 43. Rxc7+ Kxc7 44. Rf6 Kd7 45. Bxd6 Kxd6 46.
h6 Ra7 47. Kh5 Ra1 48. Kg6 Rg8+ 49. Kf7 Rxg5 50. Rxe6+ Kc7 51. h7 Rf1+ 52. Ke8
Rh5 53. Re2 Rf6 0-1

[Event "CAMPEONATO CONTINENTAL ABSOLUT"]
[Site "Hotel Torre de Cali, Cali, Co"]
[Date "2007.07.15"]
[Round "6.17"]
[White "Mekhitarian, Krikor Sevag"]
[Black "Cabrera Huaman, Andres"]
[Result "1-0"]
[WhiteElo "2420"]
[BlackElo "2268"]
[PlyCount "73"]
[EventDate "2007.07.10"]

1. c4 e5 2. Nc3 Nc6 3. a3 g6 4. g3 Bg7 5. Bg2 d6 6. Nf3 Nge7 7. O-O O-O 8. d3
Bg4 9. h3 Be6 10. Ng5 Bd7 11. Rb1 h6 12. Nf3 Be6 13. b4 Qd7 14. Kh2 f5 15. Nd2
g5 16. Nd5 Ng6 17. f4 gxf4 18. gxf4 Nd8 19. Nb3 c6 20. Nc3 exf4 21. Qc2 Bf7 22.
Nd1 d5 23. cxd5 cxd5 24. d4 Ne6 25. Qd3 Ng5 26. Bxf4 Ne4 27. Bxe4 dxe4 28. Qg3
Nxf4 29. Qxf4 Bxb3 30. Rxb3 e3 31. Nxe3 Rf7 32. Nxf5 Raf8 33. e4 Qxd4 34. Rg3
Kh7 35. Nxd4 Rxf4 36. Rxf4 Rxf4 37. Rxg7+ 1-0

[Event "CAMPEONATO CONTINENTAL ABSOLUT"]
[Site "Hotel Torre de Cali, Cali, Co"]
[Date "2007.07.15"]
[Round "6.18"]
[White "Ossa, Orlando"]
[Black "Barrientos, Sergio"]
[Result "0-1"]
[WhiteElo "2272"]
[BlackElo "2417"]
[PlyCount "80"]
[EventDate "2007.07.10"]

1. a3 c5 2. Nf3 g6 3. g3 Bg7 4. Bg2 Nc6 5. O-O e5 6. e4 Nge7 7. d3 h6 8. Nc3 d6
9. Nd2 h5 10. Nc4 Nd4 11. Bg5 f6 12. Bd2 Be6 13. Ne3 Qd7 14. Ncd5 Nxd5 15. Nxd5
h4 16. c3 Nc6 17. Be3 h3 18. Bf3 O-O 19. b4 b6 20. Qd2 Rac8 21. Bd1 f5 22. Bb3
Rf7 23. Bg5 f4 24. f3 fxg3 25. hxg3 Rcf8 26. Ba4 Re8 27. Kh2 Kh7 28. Rf2 Qb7
29. Bb3 b5 30. g4 Qc8 31. Raf1 cxb4 32. axb4 a5 33. Kxh3 axb4 34. cxb4 Nd4 35.
Ba2 Nxf3 36. Rxf3 Rxf3+ 37. Rxf3 Bxg4+ 38. Kg3 Bxf3 39. Kxf3 Qh3+ 40. Ke2 Rf8
0-1

[Event "CAMPEONATO CONTINENTAL ABSOLUT"]
[Site "Hotel Torre de Cali, Cali, Co"]
[Date "2007.07.15"]
[Round "6.19"]
[White "Mosquera, Miguel"]
[Black "Cori, Jorge"]
[Result "1/2-1/2"]
[WhiteElo "2414"]
[BlackElo "2267"]
[PlyCount "85"]
[EventDate "2007.07.10"]

1. e4 e6 2. d4 d5 3. Nd2 Nf6 4. Bd3 c5 5. dxc5 Bxc5 6. Qe2 Nc6 7. Ngf3 Nb4 8.
e5 Nd7 9. Nb3 Nxd3+ 10. cxd3 Be7 11. O-O O-O 12. Be3 b6 13. Nbd4 Bb7 14. g3 Qb8
15. Bf4 a5 16. h4 Re8 17. Rac1 Bc5 18. Nb5 Ba6 19. a4 Qb7 20. d4 Bf8 21. Rc2
Rac8 22. Rfc1 Nb8 23. Qd3 Nc6 24. Qb3 Nb4 25. Nd6 Bxd6 26. Rxc8 Rxc8 27. Rxc8+
Qxc8 28. exd6 f6 29. Bd2 Bc4 30. Qa3 Nc6 31. Qc3 Kf7 32. Bf4 Nb4 33. Ne1 Ba6
34. Qf3 Qd7 35. b3 b5 36. axb5 Qxb5 37. Qh5+ Kg8 38. Kh2 Qd7 39. Qd1 Kf8 40.
Qh5 h6 41. Qg6 Qf7 42. Qh7 Bb5 43. Bxh6 1/2-1/2

[Event "CAMPEONATO CONTINENTAL ABSOLUT"]
[Site "Hotel Torre de Cali, Cali, Co"]
[Date "2007.07.15"]
[Round "6.20"]
[White "Salazar, Carlos"]
[Black "Iturrizaga, Eduardo"]
[Result "0-1"]
[WhiteElo "2215"]
[BlackElo "2411"]
[PlyCount "104"]
[EventDate "2007.07.10"]

1. Nf3 Nf6 2. c4 c5 3. Nc3 Nc6 4. d4 cxd4 5. Nxd4 e6 6. a3 Qc7 7. Bg5 a6 8. e3
Be7 9. Be2 Qa5 10. Bh4 Ne4 11. Bxe7 Nxc3 12. Nxc6 bxc6 13. Qd2 Kxe7 14. Qxc3
Qxc3+ 15. bxc3 Rb8 16. O-O Rb2 17. Bd3 Rb3 18. Rfc1 Kd6 19. a4 a5 20. Rab1 Ra3
21. Kf1 h6 22. Ke1 h5 23. h3 h4 24. Kd2 Rxa4 25. Ra1 Rxa1 26. Rxa1 Rh5 27. f4
Rc5 28. Kc2 Ba6 29. Kb3 Kc7 30. Bf1 Kb6 31. Rd1 d5 32. cxd5 Rxd5 33. Ra1 Bxf1
34. Rxf1 Rd2 35. Kc4 Rb2 36. Rd1 a4 37. Ra1 Rxg2 38. Rxa4 Rg3 39. Kd4 Rxh3 40.
Rb4+ Kc7 41. Ra4 Kb7 42. Rb4+ Kc8 43. Ra4 Rh1 44. Kc5 h3 45. Kxc6 Kd8 46. Ra8+
Ke7 47. Rh8 f6 48. c4 h2 49. c5 g5 50. fxg5 fxg5 51. Kc7 g4 52. c6 g3 0-1

[Event "CAMPEONATO CONTINENTAL ABSOLUT"]
[Site "Hotel Torre de Cali, Cali, Co"]
[Date "2007.07.15"]
[Round "6.21"]
[White "Alzate, Dario"]
[Black "Alvarez, Javier"]
[Result "1/2-1/2"]
[WhiteElo "2392"]
[BlackElo "2100"]
[PlyCount "74"]
[EventDate "2007.07.10"]

1. d4 Nf6 2. c4 g6 3. Nc3 Bg7 4. e4 d6 5. f4 O-O 6. Nf3 c5 7. d5 b5 8. cxb5 a6
9. bxa6 Qa5 10. Bd2 Qb4 11. a3 Qb6 12. Bc4 Bxa6 13. Bxa6 Nxa6 14. Rb1 c4 15.
Qe2 Rfc8 16. Be3 Qa5 17. Nd2 Rab8 18. O-O Rxb2 19. Rxb2 Qxc3 20. Nb1 Qa5 21.
Bb6 Qa4 22. Bd4 c3 23. Bxc3 Rxc3 24. Nxc3 Qd4+ 25. Rf2 Qxc3 26. Qxa6 Nxe4 27.
Qa8+ Bf8 28. g3 Nxf2 29. Rxf2 Qe1+ 30. Kg2 Qe4+ 31. Kh3 Qf5+ 32. g4 Qd3+ 33.
Kg2 Qe4+ 34. Rf3 Qe2+ 35. Kg3 Qe1+ 36. Kg2 Qe2+ 37. Kg3 Qe1+ 1/2-1/2

[Event "CAMPEONATO CONTINENTAL ABSOLUT"]
[Site "Hotel Torre de Cali, Cali, Co"]
[Date "2007.07.15"]
[Round "6.22"]
[White "Ramirez, Carlos"]
[Black "Castro, Oscar H"]
[Result "1-0"]
[WhiteElo "2241"]
[BlackElo "2390"]
[PlyCount "41"]
[EventDate "2007.07.10"]

1. Nf3 f5 2. g3 Nf6 3. Bg2 d5 4. O-O e6 5. d3 Nc6 6. Nbd2 Bc5 7. a3 a5 8. c4
O-O 9. Rb1 Kh8 10. Qc2 Qe7 11. e4 dxe4 12. dxe4 e5 13. exf5 e4 14. Nh4 Nd4 15.
Qd1 g5 16. b4 Ba7 17. c5 gxh4 18. Bb2 Rd8 19. Nxe4 Bxf5 20. Bxd4 Bxe4 21. Bxe4
1-0

[Event "CAMPEONATO CONTINENTAL ABSOLUT"]
[Site "Hotel Torre de Cali, Cali, Co"]
[Date "2007.07.15"]
[Round "6.23"]
[White "Zuluaga, Cesar"]
[Black "Condori, Edwin"]
[Result "1-0"]
[WhiteElo "2339"]
[BlackElo "2207"]
[PlyCount "45"]
[EventDate "2007.07.10"]

1. d4 Nf6 2. Nf3 g6 3. c4 Bg7 4. Nc3 O-O 5. g3 d6 6. Bg2 Nbd7 7. O-O e5 8. h3
c6 9. e4 a5 10. Be3 exd4 11. Nxd4 Re8 12. Qc2 Nc5 13. Rad1 a4 14. Nxc6 Qb6 15.
Nd4 Be6 16. Nxe6 fxe6 17. Nb5 Bf8 18. f4 Nfd7 19. Kh2 Rad8 20. b4 axb3 21. axb3
Qa5 22. Ra1 Qb4 23. Rfb1 1-0

[Event "CAMPEONATO CONTINENTAL ABSOLUT"]
[Site "Hotel Torre de Cali, Cali, Co"]
[Date "2007.07.15"]
[Round "6.24"]
[White "Vittorino, Carlo"]
[Black "Gutierrez, Jose Antonio"]
[Result "1-0"]
[WhiteElo "2228"]
[BlackElo "2283"]
[PlyCount "141"]
[EventDate "2007.07.10"]

1. d4 Nf6 2. c4 e6 3. Nc3 Bb4 4. f3 d5 5. a3 Bxc3+ 6. bxc3 O-O 7. e3 Nbd7 8.
Bd3 c5 9. Ne2 dxc4 10. Bxc4 e5 11. O-O exd4 12. cxd4 cxd4 13. Qxd4 Nb6 14. Bb3
Qxd4 15. Nxd4 Rd8 16. Bb2 Bd7 17. e4 Na4 18. Bxa4 Bxa4 19. Nf5 Ne8 20. Rac1 g6
21. Ne7+ Kf8 22. Nd5 Rac8 23. Bd4 b6 24. Bxb6 axb6 25. Rxc8 Rxc8 26. Nxb6 Rc3
27. Nxa4 Rxa3 28. Nb6 Nf6 29. Rb1 Rd3 30. Rb2 Nd7 31. Nd5 Nc5 32. h4 Rd1+ 33.
Kh2 Nd3 34. Ra2 Kg7 35. Kg3 h6 36. h5 gxh5 37. Ne3 Rh1 38. Nf5+ Kg6 39. Ra6+
Kg5 40. Nh4 Rf1 41. Ra5+ Kf6 42. Rxh5 Ne1 43. Kg4 Nd3 44. Rxh6+ Ke7 45. Rh5 Ke6
46. Kg3 Nf2 47. Ra5 Nd3 48. Nf5 Rb1 49. Rd5 Ne1 50. Rd6+ Ke5 51. Rd5+ Ke6 52.
f4 f6 53. Rd6+ Kf7 54. Rd7+ Ke8 55. Rd2 Rb3+ 56. Kg4 Nd3 57. g3 Kf8 58. Rc2 Rb4
59. Kh5 Ra4 60. Rc7 Ke8 61. Ng7+ Kd8 62. Ne6+ Ke8 63. Kg6 Nf2 64. e5 fxe5 65.
f5 Rg4+ 66. Kh5 Rxg3 67. f6 Rh3+ 68. Kg6 Rg3+ 69. Kh7 Rh3+ 70. Kg8 Rg3+ 71. Rg7
1-0

[Event "CAMPEONATO CONTINENTAL ABSOLUT"]
[Site "Hotel Torre de Cali, Cali, Co"]
[Date "2007.07.15"]
[Round "6.25"]
[White "Juarez Flores, Gustavo E"]
[Black "Ibarra Chami, Luis Fernando"]
[Result "0-1"]
[WhiteElo "2204"]
[BlackElo "2386"]
[PlyCount "72"]
[EventDate "2007.07.10"]

1. e4 c5 2. Nf3 d6 3. d4 cxd4 4. Nxd4 Nf6 5. Nc3 Bd7 6. Be2 e6 7. Be3 Be7 8.
O-O Bc6 9. Qd3 Nbd7 10. Nxc6 bxc6 11. Qa6 Qc7 12. f4 O-O 13. Bf3 Rfb8 14. Rab1
Ne8 15. Kh1 d5 16. exd5 exd5 17. Nxd5 cxd5 18. Bxd5 Ndf6 19. Bxa8 Rxa8 20. c4
Nd6 21. Rbc1 Nf5 22. Bd2 Ne4 23. Qa5 Qd7 24. Bb4 Bxb4 25. Qxb4 Qd4 26. Qe1 Re8
27. Rd1 Qxc4 28. b3 Qc6 29. Rf3 Neg3+ 30. hxg3 Rxe1+ 31. Rxe1 h5 32. Kh2 Qc2
33. Re8+ Kh7 34. Re5 g6 35. Ra5 Qd1 36. Rxa7 Nh6 0-1

[Event "CAMPEONATO CONTINENTAL ABSOLUT"]
[Site "Hotel Torre de Cali, Cali, Co"]
[Date "2007.07.15"]
[Round "6.26"]
[White "Ripari, Marcelo"]
[Black "Ruiz, Pablo"]
[Result "1-0"]
[WhiteElo "2350"]
[BlackElo "2247"]
[PlyCount "93"]
[EventDate "2007.07.10"]

1. e4 c5 2. Nf3 e6 3. Nc3 a6 4. d4 cxd4 5. Nxd4 Qc7 6. Bd3 Nf6 7. O-O Nc6 8.
Nxc6 bxc6 9. Qe2 e5 10. f4 Bc5+ 11. Kh1 d6 12. Na4 Bd4 13. c3 Ba7 14. fxe5 dxe5
15. Bg5 Ng4 16. Bc4 O-O 17. h3 h6 18. hxg4 hxg5 19. Rxf7 Rxf7 20. Rf1 Qd6 21.
Bxf7+ Kh7 22. g3 g6 23. Qf3 Bd7 24. Bc4 Kh6 25. Qg2 Rf8 26. Rxf8 Qxf8 27. Qf1
Qxf1+ 28. Bxf1 Bxg4 29. Kg2 Bd1 30. b3 g4 31. Bd3 Bf3+ 32. Kf1 Kg5 33. Nb2 Kf6
34. Nc4 Ke6 35. Nd2 Kd7 36. Bxa6 Bd1 37. Be2 Bxe2+ 38. Kxe2 Ke6 39. Nc4 Bc5 40.
Ne3 Be7 41. Nxg4 Bg5 42. Kd3 Bd8 43. a4 Kd6 44. Kc4 Bb6 45. b4 Ba7 46. b5 cxb5+
47. Kxb5 1-0

[Event "CAMPEONATO CONTINENTAL ABSOLUT"]
[Site "Hotel Torre de Cali, Cali, Co"]
[Date "2007.07.15"]
[Round "6.27"]
[White "Gallego, Andres"]
[Black "Sanchez Castillo, Sarai"]
[Result "1-0"]
[WhiteElo "2235"]
[BlackElo "2340"]
[PlyCount "58"]
[EventDate "2007.07.10"]

1. e4 e6 2. d4 d5 3. Nd2 Nf6 4. e5 Nfd7 5. Bd3 c5 6. c3 Nc6 7. Ne2 cxd4 8. cxd4
f6 9. exf6 Nxf6 10. O-O Bd6 11. Nf3 Qc7 12. Bg5 O-O 13. Rc1 Bd7 14. Ng3 h6 15.
Bxf6 Rxf6 16. Nh5 Rff8 17. Qe2 Rae8 18. Bb1 e5 19. dxe5 Qa5 20. Rxc6 bxc6 21.
Ng3 Rxf3 22. Qxf3 Rxe5 23. Qd3 Re1 24. Qh7+ Kf8 25. Bg6 Rxf1+ 26. Kxf1 Qb5+ 27.
Kg1 Qxb2 28. Qh8+ Ke7 29. Nf5+ Ke6 1-0

[Event "CAMPEONATO CONTINENTAL ABSOLUT"]
[Site "Hotel Torre de Cali, Cali, Co"]
[Date "2007.07.15"]
[Round "6.28"]
[White "Ostos, Julio"]
[Black "Sanchez, Victor"]
[Result "1-0"]
[WhiteElo "2306"]
[BlackElo "2232"]
[PlyCount "51"]
[EventDate "2007.07.10"]

1. e4 c5 2. Nf3 e6 3. Nc3 a6 4. d4 cxd4 5. Nxd4 Qc7 6. Be2 Nf6 7. O-O Bb4 8.
Qd3 Nc6 9. Kh1 h5 10. f4 Nxd4 11. Qxd4 Bc5 12. Qd3 d6 13. Qg3 Bd4 14. e5 Ng4
15. Bxg4 hxg4 16. Ne4 dxe5 17. c3 Qc6 18. Re1 exf4 19. Bxf4 Bf6 20. Rad1 Be7
21. Qxg4 Kf8 22. Bd6 Qe8 23. Rf1 Rh6 24. Ng5 e5 25. Bxe7+ Qxe7 26. Rxf7+ 1-0